| 000 | 00817nam a2200217 i 4500 | ||
|---|---|---|---|
| 001 | 184011 | ||
| 003 | ES-MaACL | ||
| 005 | 20240425112120.0 | ||
| 008 | 150217s2002 bl ac |||| |dpor d | ||
| 020 | _a85-89269-01-9 | ||
| 080 | _a821.134.3(81)-1"19/20"(082.2) | ||
| 245 | 0 | 0 |
_aAldravismo, a literatura do sujeito _b: cânone, antologia poética & ensaios e crônicas de cultura popular / _cJ.B. Donadon-Leal (organizador). |
| 260 |
_aMariana, MG [Brasil] : _bAldrava Letras e Artes, _c[2002] |
||
| 300 |
_a145 p. : _bretr. ; _c22 cm. |
||
| 650 | 7 |
_aPoesía brasileña- _yS.XXI _2 _9154192 |
|
| 700 | 1 |
_aDonadon-Leal, J. B. _9156375 |
|
| 852 |
_aES-MaACL _jA-13371 _9 190977 _bR.150125 _cDEPO1 _dOlim: N-6371 |
||
| 942 |
_2udc _cMONOGRAFIA |
||
| 999 |
_c184011 _d184011 |
||